Manual de derecho administrativo comunitario
Gardado en:
| Main Authors: | , , , |
|---|---|
| Formato: | Libro |
| Idioma: | Lingua castelá |
| Publicado: |
Madrid
Centro de Estudios Ramón Areces
2000
|
| Subjects: | |
| Tags: |
Engadir etiqueta
Sen Etiquetas, Sexa o primeiro en etiquetar este rexistro!
|
MARC
| LEADER | 00000nam a2200000 a 4500 | ||
|---|---|---|---|
| 001 | UCM7695 | ||
| 003 | CL-VaPUC | ||
| 008 | 030110e20000000SP |||||||||||||||||spa|d | ||
| 082 | 0 | 4 | |a 342.06 |b PAR |2 21 |
| 100 | |a Parejo Alfonso, Luciano |e autor |9 339 | ||
| 700 | 0 | |a Quadra-Salcedo Fernández del Castillo, Tomás de la |e author |9 473309 | |
| 700 | 0 | |a Moreno Molina, Angel Manuel |e author |9 473310 | |
| 700 | 0 | |a Estella de Noriega, Antonio |e author |9 473311 | |
| 245 | 1 | 0 | |a Manual de derecho administrativo comunitario |
| 300 | |a 384 p | ||
| 942 | |c BK | ||
| 945 | |d 20030110 00:00:00 |a vberengu | ||
| 260 | |a Madrid |b Centro de Estudios Ramón Areces |c 2000 | ||
| 650 | 0 | |a Derecho administrativo |9 254851 | |
| 650 | 0 | |a Administración pública |9 255343 | |
| 583 | |a last modification |c 20030110 00:00:00 |k Rodrigo Vera | ||
| 999 | |c 302380 |d 302378 | ||
| 952 | |0 0 |1 0 |4 0 |6 342_060000000000000_PAR_2000 |7 0 |8 A |9 362870 |a BIBDER |b BIBDER |d 2019-11-21 |i 3876667 |o 342.06 PAR 2000 |p 3876667 |r 2023-01-25 |w 2019-11-21 |y BK |k DER | ||